000 00206 a2200097 4500
020 _a9780446617796
041 _aeng
100 _aJames Patterson
245 _aMaximun the angel experiment Ride
942 _cBK
999 _c30569
_d30567